Indian journal of clinical cardiology (Record no. 196135)

MARC details
000 -LEADER
fixed length control field 00343nam a2200121 4500
008 - FIXED-LENGTH DATA ELEMENTS--GENERAL INFORMATION
fixed length control field 230531b ||||| |||| 00| 0 eng d
022 ## - INTERNATIONAL STANDARD SERIAL NUMBER
International Standard Serial Number 2632-4636
245 ## - TITLE STATEMENT
Title Indian journal of clinical cardiology
Statement of responsibility, etc edited by B.Hygriv Rao
Medium English
260 ## - PUBLICATION, DISTRIBUTION, ETC. (IMPRINT)
Place of publication, distribution, etc New Delhi
Name of publisher, distributor, etc Sage
Date of publication, distribution, etc 2023
300 ## - PHYSICAL DESCRIPTION
Extent vol.
Dimensions 28cm
440 ## - SERIES STATEMENT/ADDED ENTRY--TITLE
Volume number/sequential designation vol.4
942 ## - ADDED ENTRY ELEMENTS (KOHA)
Source of classification or shelving scheme Dewey Decimal Classification
Item type Periodicals
Call number suffix IND
Serial record 1
Holdings
Withdrawn status Lost status Source of classification or shelving scheme Materials specified (bound volume or other part) Damaged status Not for loan Collection code Home library Current library Shelving location Date acquired Cost, normal purchase price Total Checkouts Full call number Date last seen Copy number Cost, replacement price Price effective from Koha item type
    Dewey Decimal Classification vol.4     Non-fiction Central Library Central Library On Display 31/05/2023 3350.00   IND 31/05/2023 1 3350.00 31/05/2023 Periodicals

© Delhi Public Library
Hit Counter
free hit counter